000
00243nam a2200097Ia 4500
008
170620s9999 xx 000 0 und d
100
_a
Sharma- A.K.
245
0
_a
SCIENTIFIC TECHNIQUES OF COACHING IN PHYSICAL EDUCATION
260
_b
alpha
260
_c
2008
300
_a
208
999
_c
28308
_d
28308